[Event "Amantea op-B 9th"]
[Site "Amantea"]
[Date "2011.09.06"]
[Round "3"]
[White "Nazzareno, Davide"]
[Black "Martino, Giovanni"]
[Result "0-1"]
[WhiteElo "1440"]
[BlackElo "1542"]
[PlyCount "68"]
[EventDate "2011.09.04"]
[EventType "swiss"]
[EventRounds "8"]
[EventCountry "ITA"]
[SourceTitle "EXT 2014"]
[Source "ChessBase"]
[SourceDate "2013.11.20"]
[SourceVersion "1"]
[SourceVersionDate "2013.11.20"]
[SourceQuality "1"]

1. e4 c5 2. Nf3 d6 3. Bc4 a6 4. Nc3 Nf6 5. d4 cxd4 6. Nxd4 e6 7. a3 Qc7 8. Qe2 b5 9. Bxb5+ axb5 10. Qxb5+ Bd7 11. Qd3 Nc6 12. Nxc6 Bxc6 13. 0-0 Be7 14. a4 0-0 15. Bf4 Nd7 16. Rfe1 Nc5 17. Qd4 e5 18. Qe3 exf4 19. Qxf4 Nxa4 20. Ne2 Nxb2 21. Rab1 Rab8 22. Nd4 Na4 23. Rbc1 h6 24. e5 dxe5 25. Rxe5 Bd6 26. Nxc6 Qxc6 27. Qf5 Bxe5 28. Qxe5 Qxc2 29. g3 Qxc1+ 30. Kg2 Qc6+ 31. Kf1 Rb2 32. Kg1 Rd8 33. Qe1 Rbd2 34. Kf1 Qh1# 0-1

[Event "Amantea op-B 8th"]
[Site "Amantea"]
[Date "2010.09.03"]
[Round "6"]
[White "Martino, Giovanni"]
[Black "De Luca, Alessio"]
[Result "1-0"]
[WhiteElo "1536"]
[BlackElo "1416"]
[PlyCount "63"]
[EventDate "2010.08.29"]
[EventType "swiss"]
[EventRounds "9"]
[EventCountry "ITA"]
[SourceTitle "CBM 138 Extra"]
[Source "ChessBase"]
[SourceDate "2010.10.29"]
[SourceVersion "1"]
[SourceVersionDate "2010.10.29"]
[SourceQuality "1"]

1. e4 e5 2. Nf3 Nc6 3. Bb5 a6 4. Ba4 Nf6 5. 0-0 Be7 6. Re1 b5 7. Bb3 d6 8. c3 0-0 9. h3 Bb7 10. d4 Re8 11. Nbd2 Bf8 12. Bc2 Nb8 13. b3 Nbd7 14. d5 h6 15. Nf1 c6 16. c4 bxc4 17. bxc4 Nb6 18. Ne3 cxd5 19. cxd5 Qc7 20. Nf5 Rac8 21. Rb1 Nbd7 22. Ba3 Nc5 23. Bxc5 dxc5 24. d6 Qd7 25. Rb6 Red8 26. Nxe5 Qe6 27. f4 Rb8 28. Bb3 c4 29. Bxc4 Qc8 30. Bxf7+ Kh7 31. Bg6+ Kg8 32. Qb3+ 1-0

[Event "Costa Viola op 3rd"]
[Site "St Eufemia d'Aspromonte"]
[Date "2010.01.05"]
[Round "6"]
[White "Martino, Giovanni"]
[Black "Palermiti, Francesco"]
[Result "1/2-1/2"]
[WhiteElo "1536"]
[BlackElo "1470"]
[PlyCount "46"]
[EventDate "2010.01.02"]
[EventType "swiss"]
[EventRounds "7"]
[EventCountry "ITA"]
[SourceTitle "EXT 2011"]
[Source "ChessBase"]
[SourceDate "2010.11.26"]
[SourceVersion "1"]
[SourceVersionDate "2010.11.26"]
[SourceQuality "1"]

1. e4 c5 2. Nf3 Nc6 3. Nc3 Nf6 4. g3 d6 5. Bg2 e5 6. 0-0 Be6 7. d3 h6 8. Be3 a6 9. a4 Be7 10. Nd2 0-0 11. f4 exf4 12. Bxf4 Ne5 13. h3 Qb6 14. b3 c4+ 15. Kh1 cxd3 16. Bxe5 dxc2 17. Qxc2 dxe5 18. Rab1 Rac8 19. Rbc1 Bb4 20. Qb2 Qa5 21. Ndb1 Rfd8 22. Ne2 Rxc1 23. Rxc1 Nd7 1/2-1/2